Integral Calculus Fan IIT-JEE (Record no. 1138)

MARC details
000 -LEADER
fixed length control field 00419nam a22001697a 4500
005 - DATE AND TIME OF LATEST TRANSACTION
control field 20180519153204.0
008 - FIXED-LENGTH DATA ELEMENTS--GENERAL INFORMATION
fixed length control field 160519b xxu||||| |||| 00| 0 eng d
020 ## - INTERNATIONAL STANDARD BOOK NUMBER
ISBN 978-81-908762-5
041 ## - LANGUAGE CODE
Language code of text/sound track or separate title eng
082 ## - DEWEY DECIMAL CLASSIFICATION NUMBER
Item number 3328
Classification number 515.43
100 ## - MAIN ENTRY--AUTHOR NAME
Personal name Sinha K.C.
245 ## - TITLE STATEMENT
Title Integral Calculus Fan IIT-JEE
260 ## - PUBLICATION, DISTRIBUTION, ETC. (IMPRINT)
Name of publisher Education Pub. Group
Year of publication 2011
300 ## - PHYSICAL DESCRIPTION
Number of Pages 10.66
650 ## - SUBJECT ADDED ENTRY--TOPICAL TERM
Topical Term DIPLOMA ENGINEERING
942 ## - ADDED ENTRY ELEMENTS (KOHA)
Koha item type Books
Holdings
Lost status Damaged status Collection code Home library Current library Shelving location Date acquired Cost, normal purchase price Full call number Accession Number Koha item type
    CS/IT JRU Library   SHELF-56-A 19/05/2016 270.00 515.43 3328 Books
    CS/IT JRU Library JRU Library SHELF-56-A 19/05/2016 270.00 515.43 3329 Books